| 000 | 01129nac a22003017a 4500 | ||
|---|---|---|---|
| 001 | BR8000453 | ||
| 003 | BR-BrBNA | ||
| 005 | 20240105114617.0 | ||
| 008 | 230509b bl.|||m| |||| 00| 0 por d | ||
| 040 |
_aBR-BrBNA _bpor _cBiblioteca Nacional de Agricultura |
||
| 072 | _aK20 | ||
| 090 | _aK20 BR8000453 | ||
| 100 | 1 | _aCarvalho, J.O.P. de | |
| 110 | 1 | _aCentro de Pesquisa Agropecuaria do Tropico Umido, Belem, PA (Brasil) | |
| 245 | 1 | _aInventario diagnostico da regeneracao natural da vegetacao em area da Floresta Nacional do Tapajos [Amazonas; Brasil] | |
| 246 | 1 | _a[Diagnosis inventory of plant natural regeneration in the area of the Tapajos National Forest [Amazonas; Brazil]] | |
| 260 | 3 |
_aBelem, PA (Brasil): _c1980. |
|
| 300 | _a23 p. | ||
| 490 |
_aBoletim de Pesquisa - Centro de Pesquisa Agropecuaria do Tropico Umido (Brazil) _vno. 2 _x |
||
| 500 | _a11 ref.; Summaries (En, Pt) | ||
| 650 | _aAdministracao florestal | ||
| 650 | _aFloresta | ||
| 650 | _aInventario florestal | ||
| 650 | _aTapajos | ||
| 650 | _aAmazonas | ||
| 909 |
_a202312 _bLúcia Elande _c55 _dLúcia Elande |
||
| 942 |
_2AGRIS _n0 _cMS |
||
| 999 |
_c270336 _d270336 |
||